Dabney, James B. (Record no. 4781)
[ view plain ]
| 000 -LEADER | |
|---|---|
| fixed length control field | 00408nam a2200145Ia 4500 |
| 008 - FIXED-LENGTH DATA ELEMENTS--GENERAL INFORMATION | |
| fixed length control field | 151015s9999 xx 000 0 und d |
| 020 ## - INTERNATIONAL STANDARD BOOK NUMBER | |
| International Standard Book Number | 130170852 |
| 050 ## - LIBRARY OF CONGRESS CALL NUMBER | |
| Classification number | QA76.9 .C65 D33 2000 |
| 245 ## - TITLE STATEMENT | |
| Title | Dabney, James B. |
| 250 ## - EDITION STATEMENT | |
| Edition statement | _Mastering Simulink 4 James B. Dabney |
| 300 ## - PHYSICAL DESCRIPTION | |
| Extent | New Jersey Prentice hall 2000 |
| 500 ## - GENERAL NOTE | |
| General note | Includes index. |
| 650 ## - SUBJECT ADDED ENTRY--TOPICAL TERM | |
| Topical term or geographic name as entry element | _Simulink |
| 700 ## - ADDED ENTRY--PERSONAL NAME | |
| Personal name | ^d20130524 01:46:58^oanne |
No items available.